| 000 | 00473pab a2200169 454500 | ||
|---|---|---|---|
| 008 | 180718b1987 xxu||||| |||| 00| 0 eng d | ||
| 100 | _aGennotte, Gerard, | ||
| 245 | _aA valuation model for developing country debt with endogenous rescheduling | ||
| 260 | _c1987 | ||
| 300 | _a237-71 | ||
| 362 | _aJan. | ||
| 650 | _aForeign Credit - Underdeveloped Areas | ||
| 700 | _aSayeed Sadeq | ||
| 700 | _aHomi J. Kharas | ||
| 773 | _aWorld Bank Economic Review | ||
| 909 | _a8765 | ||
| 999 |
_c8765 _d8765 |
||